Strmý rast !
Reálne výdavky na reklamu v médiách narástli v roku 2004 takmer o 20 percent, čo po zohľadnení inflácie znamená viac ako 12 percentný nárast. Je to najlepšie za posledných 7 rokov. Vývoj hlavných ukazovateľov reklamného trhu SR od roku 1999 doteraz. Vývoj mediamixu 2000-2004. Vývoj reklamného trhu n...
Salvato in:
| Autore principale: | |
|---|---|
| Natura: | Capitolo di libro |
| Lingua: | slovacco |
| Soggetti: | |
| Tags: |
Nessun Tag, puoi essere il primo ad aggiungerne!!
|
MARC
| LEADER | 00000naa$a2200000$$$4500 | ||
|---|---|---|---|
| 001 | 0029532 | ||
| 005 | 20231107123252.2 | ||
| 041 | 0 | |a slo | |
| 044 | |a SK | ||
| 245 | 1 | 0 | |a Strmý rast ! |c Martin Mazág |
| 520 | |a Reálne výdavky na reklamu v médiách narástli v roku 2004 takmer o 20 percent, čo po zohľadnení inflácie znamená viac ako 12 percentný nárast. Je to najlepšie za posledných 7 rokov. Vývoj hlavných ukazovateľov reklamného trhu SR od roku 1999 doteraz. Vývoj mediamixu 2000-2004. Vývoj reklamného trhu na Slovensku do roku 2004. Prognózy 2005. | ||
| 610 | 2 | 0 | |a trh reklamný |
| 610 | 2 | 0 | |a ukazovatele ekonomické |
| 610 | 2 | 0 | |a médiá |
| 610 | 2 | 0 | |a prognózy |
| 610 | 2 | 0 | |a Slovensko |
| 610 | 2 | 0 | |a 1999-2004 |
| 100 | 1 | |a Mazág, Martin | |